<?xml version="1.0" encoding="UTF-8"?>
<record
    xmlns:xsi="http://www.w3.org/2001/XMLSchema-instance"
    xsi:schemaLocation="http://www.loc.gov/MARC21/slim http://www.loc.gov/standards/marcxml/schema/MARC21slim.xsd"
    xmlns="http://www.loc.gov/MARC21/slim">

  <leader>00785nas a2200241 i 4500</leader>
  <controlfield tag="001">2326</controlfield>
  <controlfield tag="003">ES-MaACL</controlfield>
  <controlfield tag="005">20250803062530.0</controlfield>
  <controlfield tag="007">t|</controlfield>
  <controlfield tag="008">950801c1983    sp f|         |  1 ||pa d</controlfield>
  <datafield tag="022" ind1=" " ind2=" ">
    <subfield code="a">0212-4025</subfield>
  </datafield>
  <datafield tag="080" ind1=" " ind2=" ">
    <subfield code="a">93/99</subfield>
  </datafield>
  <datafield tag="245" ind1="0" ind2="0">
    <subfield code="a">Trienio, ilustraci&#xF3;n y liberalismo </subfield>
    <subfield code="b">: revista de historia / </subfield>
    <subfield code="c">dir. Alberto Gil Novales.</subfield>
  </datafield>
  <datafield tag="260" ind1=" " ind2=" ">
    <subfield code="a">Madrid : </subfield>
    <subfield code="b">[s.n.], </subfield>
    <subfield code="c">1983-</subfield>
  </datafield>
  <datafield tag="300" ind1=" " ind2=" ">
    <subfield code="a">8 v. ; </subfield>
    <subfield code="c">22 cm.</subfield>
  </datafield>
  <datafield tag="310" ind1=" " ind2=" ">
    <subfield code="a">Semestral</subfield>
  </datafield>
  <datafield tag="362" ind1="0" ind2=" ">
    <subfield code="a">N&#xBA; 1 (mayo 1983)-</subfield>
  </datafield>
  <datafield tag="650" ind1="1" ind2="7">
    <subfield code="a">Historia</subfield>
    <subfield code="2">embne</subfield>
    <subfield code="9">179933</subfield>
  </datafield>
  <datafield tag="700" ind1="0" ind2=" ">
    <subfield code="a">Gil Novales, Alberto,</subfield>
    <subfield code="d">1930-2016</subfield>
    <subfield code="9">56851</subfield>
  </datafield>
  <datafield tag="852" ind1=" " ind2=" ">
    <subfield code="a">ES-MaACL</subfield>
    <subfield code="j">HEM-H-483 </subfield>
    <subfield code="x">Olim: Hem-1706</subfield>
  </datafield>
  <datafield tag="866" ind1="4" ind2="1">
    <subfield code="o">1983-1986 (1987 f.n10) 1988-89 (1990-91 f.n16-17), 1993-94 (1995 f.n25) (1996 f.n27) 1997, (1999 f.n33) 2000.</subfield>
  </datafield>
  <datafield tag="999" ind1=" " ind2=" ">
    <subfield code="c">2326</subfield>
    <subfield code="d">2326</subfield>
  </datafield>
  <datafield tag="952" ind1=" " ind2=" ">
    <subfield code="0">0</subfield>
    <subfield code="1">0</subfield>
    <subfield code="4">0</subfield>
    <subfield code="7">0</subfield>
    <subfield code="8">Hemeroteca</subfield>
    <subfield code="a">ATENEOM</subfield>
    <subfield code="b">ATENEOM</subfield>
    <subfield code="c">HEM</subfield>
    <subfield code="d">2008-01-17</subfield>
    <subfield code="e">SC</subfield>
    <subfield code="l">0</subfield>
    <subfield code="o">HEM-H-483</subfield>
    <subfield code="p">1002367</subfield>
    <subfield code="r">2023-02-23 00:00:00</subfield>
    <subfield code="w">2023-02-23</subfield>
    <subfield code="y">PERIODICA</subfield>
  </datafield>
</record>
